000 00324nam a2200133Ia 4500
005 20260328104302.0
008 260328s9999||||xx |||||||||||||| ||und||
100 _aMaquiavelo, Nicolás
245 0 _aEl Príncipe /
_cNicolás Maquiavelo
260 _bAlba
300 _a127 p.
650 _aCiencia politica
942 _cBK
999 _c10620
_d10620